000 00341nam a2200133Ia 4500
008 151001s9999||||xx |||||||||||||| ||und||
100 _aमनोहर माळगांवकर
245 _aअंधातरी
250 _a1
260 _bकेशरी प्रकाशन
260 _c1973
300 _a324
365 _b18
999 _c956032
_d956029